IV съезд Ассоциации выпускников; Томский политехник; Вып. 15
| Parent link: | Томский политехник: ежегодный журнал/ Томский политехнический университет (ТПУ), Ассоциация выпускников.— , 1995- Вып. 15.— 2009.— [С. 63-75] |
|---|---|
| Zusammenfassung: | Заглавие с титульного листа Электронная версия печатной публикации |
| Sprache: | Russisch Englisch |
| Veröffentlicht: |
2009
|
| Schriftenreihe: | ТПУ сегодня |
| Schlagworte: | |
| Online-Zugang: | Цветная версия без потери качества |
| Format: | Elektronisch Buchkapitel |
| KOHA link: | https://koha.lib.tpu.ru/cgi-bin/koha/opac-detail.pl?biblionumber=200203 |
MARC
| LEADER | 00000nla2a2200000 4500 | ||
|---|---|---|---|
| 001 | 200203 | ||
| 005 | 20231031184618.0 | ||
| 035 | |a (RuTPU)RU\TPU\book\218264 | ||
| 035 | |a RU\TPU\book\218261 | ||
| 090 | |a 200203 | ||
| 100 | |a 20110902d2009 km y0rusy50 ca | ||
| 101 | 0 | |a rus |a eng | |
| 102 | |a RU | ||
| 135 | |a drnn ---uucaa | ||
| 181 | 0 | |a i | |
| 182 | 0 | |a b | |
| 200 | 1 | |a IV съезд Ассоциации выпускников |b Электронный ресурс |d IV convention of the TPU Graduates' Association | |
| 203 | |a Текст |c электронный | ||
| 215 | |a 1 файл (27 Мб) | ||
| 225 | 1 | |a ТПУ сегодня | |
| 230 | |a Электронные текстовые данные (1 файл : 27 Мб) | ||
| 300 | |a Заглавие с титульного листа | ||
| 300 | |a Электронная версия печатной публикации | ||
| 337 | |a Adobe Reader | ||
| 461 | 1 | |0 (RuTPU)RU\TPU\book\202435 |t Томский политехник |o ежегодный журнал |f Томский политехнический университет (ТПУ), Ассоциация выпускников |d 1995- | |
| 463 | 1 | |0 (RuTPU)RU\TPU\book\218212 |t Вып. 15 |v [С. 63-75] |d 2009 |p 113 с. | |
| 510 | 1 | |a IV convention of the TPU Graduates' Association |z eng | |
| 601 | 0 | 2 | |a Томский политехнический университет (ТПУ) |b Ассоциация выпускников |2 stltpush |3 (RuTPU)RU\TPU\col\13437 |
| 610 | 1 | |a съезды | |
| 610 | 1 | |a доклады | |
| 610 | 1 | |a правление | |
| 610 | 1 | |a выборы | |
| 610 | 1 | |a итоги | |
| 610 | 1 | |a электронный ресурс | |
| 801 | 1 | |a RU |b 63413507 |c 20101101 | |
| 801 | 2 | |a RU |b 63413507 |c 20111123 |g RCR | |
| 856 | 4 | |u http://www.lib.tpu.ru/fulltext/v/Tomsk_polytechnic/2009/N15a11_full.pdf |z Цветная версия без потери качества | |
| 942 | |c CF | ||